LEADER 00839cam0 22002653 450 001 SOB008050 005 20201022075957.0 100 $a20040211d1969 |||||ita|0103 ba 101 $aita 102 $aIT 200 1 $aMirņ$fUmbro Apollonio 210 $aFirenze$cSADEA/Sansoni$d1969 215 $a43 p.$c79 ill.$d18 cm 225 2 $adiamanti dell'arte 410 1$1001LAEC00017001$12001 $aI *diamanti dell'arte 700 1$aApollonio$b, Umbro$3AF00007438$4070$0215713 801 0$aIT$bUNISOB$c20201022$gRICA 850 $aUNISOB 852 $aUNISOB$j700|Coll|10|K$m14123 912 $aSOB008050 940 $aM 102 Monografia moderna SBN 941 $aM 957 $a700|Coll|10|K$b000047$gSI$d14123$rACQUISTO$1catenacci$2UNISOB$3UNISOB$420180523093036.0$520180523093044.0$6catenacci 996 $aMirņ$91677415 997 $aUNISOB LEADER 02597nam 2200877z- 450 001 9910743286903321 005 20230911 035 $a(CKB)5690000000228478 035 $a(oapen)doab114012 035 $a(EXLCZ)995690000000228478 100 $a20230920c2023uuuu -u- - 101 0 $aeng 135 $aurmn|---annan 181 $ctxt$2rdacontent 182 $cc$2rdamedia 183 $acr$2rdacarrier 200 00$aEmbracing Online Pedagogy: The New Normal for Higher Education 210 $cMDPI - Multidisciplinary Digital Publishing Institute$d2023 215 $a1 online resource (198 p.) 311 08$a3-0365-8623-7 517 $aEmbracing Online Pedagogy 606 $aEducation$2bicssc 606 $aHistory$2bicssc 610 $aaccounting 610 $ablended learning 610 $aChinese as a foreign language (CFL) 610 $aChinese culture 610 $aclickstream data 610 $acompanies 610 $acoping strategies 610 $aCOVID-19 610 $acultural study 610 $adifferential equations 610 $adigital learning environments 610 $adistance learning 610 $aeducation in emergency 610 $aEducational Data Mining 610 $aeducational innovation 610 $aemotional well-being 610 $aengagement 610 $aengineering education 610 $aEnglish vocabulary learning and teaching 610 $ahigher education 610 $ahigher education (HE) 610 $ainsomnia 610 $ainstitutional support 610 $ainteractive strategies 610 $aintervention program 610 $alearner engagement 610 $alearning analytics 610 $aLearning Analytics 610 $amainland China 610 $amathematical modeling 610 $amathematics education 610 $amobile-assisted language learning (MALL) 610 $aonline learning 610 $aonline teaching 610 $aperceived usefulness 610 $aprogress in learning 610 $aSTEM 610 $astress 610 $astudent engagement 610 $astudent performance prediction 610 $astudent retention 610 $astudent success 610 $asupport for engagement 610 $ateaching anxiety 610 $avisualizing web application 610 $aVooV Meeting 610 $aWeChat 615 7$aEducation 615 7$aHistory 906 $aBOOK 912 $a9910743286903321 996 $aEmbracing Online Pedagogy: The New Normal for Higher Education$93560385 997 $aUNINA